000
00322nam a2200133 a 4500
005
20210219154546.0
008
030808s2000 mx r 000 0 spa d
035
_a
UPN01000127630
049
_a
SEP
050
4
_a
B785 E6
_b
E7.4
100
0
_a
Erasmo,
_c
de Rotterdam,
_d
m. 1536
245
1
0
_a
Ensayos escogidos
905
_a
Libro
999
_c
99809
_d
99809